Ako urobiť univerzitu udržateľnou zdola

Cesty zavádzania princípov TUR. Oikos Slovakia. Výchovno-vzdelávacie aktivity. Filmový klub Oikos.

Gespeichert in:
Bibliographische Detailangaben
1. Verfasser: Mojžiš, Miroslav
Weitere Verfasser: Gálová, Lucia, Némethyová, Lucia, Sedlačko, Michal
Format: Buchkapitel
Sprache:Slowakisch
Schlagworte:
Tags: Tag hinzufügen
Keine Tags, Fügen Sie das erste Tag hinzu!

MARC

LEADER 00000naa$a2200000$$$4500
001 0082681
005 20240502071928.7
041 0 |a slo 
044 |a SK 
245 1 0 |a Ako urobiť univerzitu udržateľnou zdola  |c Miroslav Mojžiš, Lucia Gálová, Lucia Némethyová, Michal Sedlačko 
520 |a Cesty zavádzania princípov TUR. Oikos Slovakia. Výchovno-vzdelávacie aktivity. Filmový klub Oikos. 
610 2 0 |a univerzity 
610 2 0 |a vzdelávanie 
610 2 0 |a výskum 
610 2 0 |a študenti 
100 1 |a Mojžiš, Miroslav 
700 1 |a Gálová, Lucia 
700 1 |a Némethyová, Lucia 
700 1 |a Sedlačko, Michal